| 000 | 00412 a2200157 4500 | ||
|---|---|---|---|
| 020 | _a818683009X | ||
| 040 |
_aDLC _bDLC |
||
| 082 | _a423 | ||
| 100 | _aPentagon | ||
| 245 |
_aPentagon's reference library Dictionary _cPentagon |
||
| 260 |
_aNew Delhi: _bPentagon Press, _c2004. |
||
| 300 |
_a533 p. ; _c20 cm. |
||
| 500 | _aIncludes Index | ||
| 650 | _aEnglish language--Dictionaries. | ||
| 942 |
_cBK _k423 PEN _2ddc |
||
| 999 |
_c9412 _d9412 |
||